| 000 | 00922nam a2200217Ia 4500 | ||
|---|---|---|---|
| 003 | OSt | ||
| 005 | 20200918180835.0 | ||
| 008 | 191128s1965 eu ab gr 000 0 spa d | ||
| 040 |
_aCO-JMCR _cCO-JMCR |
||
| 041 | 0 | _aeng | |
| 082 | 0 | 4 |
_a912.8 / _bS132a _223 |
| 100 | 1 |
_aSchneider Ronald M., _eautor _910532 |
|
| 245 | 1 | 3 |
_aAn Atlas of Latin American Affairs / _ctext by Ronald M. Schneider, maps by Robert C. Kingsbury |
| 260 |
_aNew York : _bFrederick A. Praeger, _c1965 |
||
| 300 |
_a136 páginas : _bmapas a blanco y negro ; _e21 cm. |
||
| 505 | 0 | _aLatin America as a region -- México -- Central america and the caribbean -- The andean countries -- The Rio de la Plata countries -- The United States of Brazil -- Outlook for the future | |
| 650 | 1 | 4 |
_aAmérica Latina _xdescripciones y viajes _910533 |
| 651 | 4 |
_aAmérica Latina _xgeografía _910534 |
|
| 700 | 1 |
_aKingsbury, Robert C, _emaps _910535 |
|
| 942 |
_2ddc _cBK |
||
| 999 |
_c6221 _d6221 |
||